000 004800000a22001210004500
100 1 _aCoperías, Enrique M.
245 1 0 _aEl prodigio de la clonación.
300 _aVol.13, no.155 (2000), p. 43-53
520 _aAún sin constatar por los expertos, la creación de Dolly ha desatado una agria polémica entre defensores de la clonación y quienes ven en ésta una amenaza para la dignidad del ser humano.
650 1 4 _aCIENCIA
773 0 _tRevista muy interesante
942 _cANA
999 _c63157
_d63157